Cereal Slogans Quiz Stats

 Plays Quiz Updated Feb 21, 2012

Also try: Cereal Mascots
Challenge
Share
Tweet
Embed
Score 0/22 Timer 06:00
2 Plays Today
Slogan Cereal % Correct
Silly Rabbit! ________ are for kids!Trix
90.7%
They're Gr-r-reat!Frosted Flakes
90.6%
They're magically delicious!Lucky Charms
84.5%
Two scoops of raisins in ________Raisin Bran
81.7%
Snap! Crackle! Pop! ________Rice Krispies
80%
I'm coo-coo for _________Cocoa Puffs
78.3%
Breakfast of Champions!Wheaties
76.6%
Apple or cinnamon. Who will be the winna-mon?Apple Jacks
68.9%
I vant to eat your cereal!Count Chocula
66.4%
Gotta have my pops!Corn Pops
65.9%
Kid tested, mother approved.Kix
57.1%
Slogan Cereal % Correct
How do they cram in all that graham?Golden Grahams
52.4%
He likes it! Hey Mikey!Life
46.8%
Follow your nose! It always knows!Froot Loops
46.1%
The taste you can see!Cinnamon Toast Crunch
44%
They're A-B-C-DeliciousAlpha-Bits
39.5%
Keeps them full. Keeps them focused.Frosted Mini Wheats
35.8%
Stays crunchy, even in milk!Cap'n Crunch
22%
Smiles all around.Cheerios
16.6%
_________ big! Yeah, yeah, yeah! It's not small! No, no, no!Honeycomb
13%
Sit down to a familiar face.Corn Flakes
6.7%
Taste the joy in every spoonful!Honey Bunches of Oats
5.7%

You're not logged in!

Compare scores with friends on all Sporcle quizzes.
Join for Free
OR
Log In

You Might Also Like...

Show Comments

Extras

Top Quizzes Today


Score Distribution

Your Account Isn't Verified!

In order to create a playlist on Sporcle, you need to verify the email address you used during registration. Go to your Sporcle Settings to finish the process.

Report this User

Report this user for behavior that violates our Community Guidelines.

Details: